| 000 | 00518nam a22001457a 4500 | ||
|---|---|---|---|
| 999 |
_c527809 _d527809 |
||
| 020 | _qHBK. | ||
| 082 | _a660 | ||
| 100 | _aWazir, Sarah | ||
| 245 |
_aTo Elucidate the Therapeutic Efficacy of Legflunomide Supplemented with Zinc on Type-II Collagen Induced Arthritic BALB/C Mice / _cSarah Wazir. |
||
| 260 |
_aIslamabad: _bASAB - NUST, _c2017. |
||
| 300 |
_a80 p. : ill. ; _c30cm. |
||
| 942 |
_2ddc _cTHE |
||
| 650 |
_aHealthcare Biotechnology - MS Thesis. _919254 |
||